000 nam a22 7a 4500
999 _c10526
_d10526
008 180219b ||||| |||| 00| 0 eng d
100 _aVerma,S.
_96435
245 _aThe Art of Living-5
260 _aNew Delhi
_bGoodluck
_c2008